000 00390nam a2200157Ia 4500
008 230917s9999||||xx |||||||||||||| ||und||
040 _e202718
_aMAIN
041 _aEnglish
082 _a342.54 P192C(49)
100 _aPandey, J N
245 0 _aConstitutional Law of India
250 _a49th ed.
260 _aAllahabad
_bCentral Law Agency
_c2012
300 _al, 819 p.
942 _cBK
999 _c140353
_d140353